Statistiques concernant Factions jouables Rome Total War

Cliquez ici pour prendre le quiz!

Statistiques générales

  • Ce quiz a été pris 68 fois
  • Le résultat moyen est 13 sur 20

Statistiques - réponses

Réponses% Correct
Gaulois
91%
SPQR
89%
Egyptiens
88%
Carthage
86%
Macédoniens
81%
Germains
79%
Grecs
79%
Numides
61%
Parthes
61%
Brutii
58%
Julii
58%
Séleucides
58%
Bretons
56%
Scythes
54%
Scipii
53%
Pont
49%
Thraces
46%
Daces
44%
Arménie
42%
Ibères
35%

Distribution des résultats

Percentile par nombre de réponses

% des personnes avec chaque résultat

Votre développement - résultats

Vous n’avez pas pris ce quiz